[Event "ChampionshipRT"]
[Site "?"]
[Date "2015.10.10"]
[Round "9.6"]
[White "Lebedev, Yury"]
[Black "Murtazin, Bulat"]
[Result "0-1"]
[LiveChessVersion "1.4.6"]
[BlackElo "2384"]
[WhiteElo "2238"]

1. d4 {[%clk 1:27:28]} d5 {[%clk 1:30:53]} 2. c4 {[%clk 1:27:21]} e6
{[%clk 1:31:15]} 3. Nf3 {[%clk 1:27:32]} Nf6 {[%clk 1:31:36]} 4. g3
{[%clk 1:27:49]} dxc4 {[%clk 1:31:43]} 5. Bg2 {[%clk 1:27:59]} a6
{[%clk 1:31:53]} 6. Ne5 {[%clk 1:27:35]} c5 {[%clk 1:32:16]} 7. Na3
{[%clk 1:26:22]} cxd4 {[%clk 1:31:30]} 8. Naxc4 {[%clk 1:26:46]} Bc5
{[%clk 1:31:16]} 9. O-O {[%clk 1:25:58]} O-O {[%clk 1:31:39]} 10. Bg5
{[%clk 1:25:41]} h6 {[%clk 1:31:08]} 11. Bxf6 {[%clk 1:25:07]} Qxf6
{[%clk 1:31:29]} 12. Nd3 {[%clk 1:17:35]} Ba7 {[%clk 1:26:28]} 13. Qa4
{[%clk 1:14:09]} Nd7 {[%clk 1:03:01]} 14. Nd6 {[%clk 0:55:41]} e5
{[%clk 0:45:07]} 15. Nxc8 {[%clk 0:48:01]} b5 {[%clk 0:45:29]} 16. Ne7+
{[%clk 0:48:27]} Qxe7 {[%clk 0:45:54]} 17. Qxa6 {[%clk 0:48:03]} e4
{[%clk 0:46:17]} 18. Nf4 {[%clk 0:47:28]} Qe5 {[%clk 0:44:09]} 19. a4
{[%clk 0:37:18]} b4 {[%clk 0:25:32]} 20. Qc4 {[%clk 0:26:44]} Rfe8
{[%clk 0:19:43]} 21. h4 {[%clk 0:16:38]} Nf6 {[%clk 0:17:25]} 22. Rac1
{[%clk 0:13:20]} g5 {[%clk 0:11:49]} 23. hxg5 {[%clk 0:13:15]} hxg5
{[%clk 0:12:15]} 24. Nh3 {[%clk 0:13:01]} Nd5 {[%clk 0:11:30]} 25. Qb5
{[%clk 0:10:36]} g4 {[%clk 0:10:55]} 26. Nf4 {[%clk 0:08:23]} Nxf4
{[%clk 0:11:19]} 27. gxf4 {[%clk 0:08:39]} Qxf4 {[%clk 0:11:43]} 28. Qxb4
{[%clk 0:08:52]} Rad8 {[%clk 0:04:12]} 29. Qa5 {[%clk 0:03:58]} Bb8
{[%clk 0:04:15]} 30. Qh5 {[%clk 0:04:23]} Rd5 {[%clk 0:02:35]} 31. Qh4
{[%clk 0:04:06]} Kg7 {[%clk 0:02:58]} 32. Rfd1 {[%clk 0:02:49]} Rh8
{[%clk 0:02:08]} 33. Qg3 {[%clk 0:03:16]} Qh6 {[%clk 0:02:17]} 34. Qxg4+
{[%clk 0:03:24]} Rg5 {[%clk 0:02:43]} 35. Qxe4 {[%clk 0:03:43]} Qh1#
{[%clk 0:03:09]} 0-1

[Event "ChampionshipRT"]
[Site "?"]
[Date "2015.10.10"]
[Round "9.7"]
[White "Sadykov, Renat"]
[Black "Rodchenkov, Vitaly"]
[Result "0-1"]
[LiveChessVersion "1.4.6"]
[BlackElo "2327"]
[WhiteElo "2073"]

1. e4 {[%clk 1:29:51]} c5 {[%clk 1:27:55]} 2. Nf3 {[%clk 1:29:50]} a6
{[%clk 1:28:13]} 3. Nc3 {[%clk 1:29:58]} e6 {[%clk 1:28:01]} 4. d4
{[%clk 1:29:52]} b5 {[%clk 1:28:24]} 5. Be3 {[%clk 1:22:01]} cxd4
{[%clk 1:28:12]} 6. Nxd4 {[%clk 1:22:23]} Qc7 {[%clk 1:28:33]} 7. Bd3
{[%clk 1:11:08]} Nf6 {[%clk 1:28:12]} 8. a3 {[%clk 1:00:10]} Bb7 {[%clk 1:27:58]}
9. O-O {[%clk 0:51:18]} Nc6 {[%clk 1:28:02]} 10. Qe2 {[%clk 0:44:40]} Bd6
{[%clk 1:26:38]} 11. g3 {[%clk 0:32:10]} Nxd4 {[%clk 1:20:38]} 12. Bxd4
{[%clk 0:32:33]} Be5 {[%clk 1:21:00]} 13. Bxe5 {[%clk 0:31:00]} Qxe5
{[%clk 1:21:25]} 14. f4 {[%clk 0:29:51]} Qc5+ {[%clk 1:20:53]} 15. Qf2
{[%clk 0:28:53]} Qc6 {[%clk 1:21:01]} 16. h3 {[%clk 0:23:55]} Rc8
{[%clk 1:21:01]} 17. Rae1 {[%clk 0:22:51]} d6 {[%clk 1:20:38]} 18. Nd5
{[%clk 0:20:37]} Nd7 {[%clk 1:19:49]} 19. f5 {[%clk 0:17:36]} Qc5
{[%clk 1:19:47]} 20. Ne3 {[%clk 0:12:00]} Ne5 {[%clk 1:18:59]} 21. fxe6
{[%clk 0:11:22]} fxe6 {[%clk 1:19:21]} 22. Kh2 {[%clk 0:11:17]} Rc7
{[%clk 1:19:04]} 23. Qe2 {[%clk 0:11:15]} Rf8 {[%clk 1:18:36]} 24. Ng4
{[%clk 0:09:16]} Rcf7 {[%clk 1:18:33]} 25. Rxf7 {[%clk 0:06:45]} Rxf7
{[%clk 1:18:33]} 26. Rf1 {[%clk 0:07:10]} Rxf1 {[%clk 1:15:13]} 27. Qxf1
{[%clk 0:07:33]} Nxg4+ {[%clk 1:12:51]} 28. hxg4 {[%clk 0:07:59]} Ke7
{[%clk 1:13:11]} 29. Qf4 {[%clk 0:07:53]} g5 {[%clk 1:13:23]} 30. Qd2
{[%clk 0:07:50]} h6 {[%clk 1:13:28]} 31. c3 {[%clk 0:07:21]} d5 {[%clk 1:12:26]}
32. Qe2 {[%clk 0:04:30]} Qc6 {[%clk 1:09:34]} 33. exd5 {[%clk 0:03:42]} Qxd5
{[%clk 1:09:58]} 34. Qf1 {[%clk 0:04:00]} Qf3 {[%clk 1:09:03]} 35. c4
{[%clk 0:01:33]} bxc4 {[%clk 1:08:42]} 36. Bxc4 {[%clk 0:00:55]} Qxg4
{[%clk 1:09:02]} 37. Be2 {[%clk 0:00:55]} Qd4 {[%clk 1:08:43]} 38. Bxa6
{[%clk 0:01:06]} Qxb2+ {[%clk 1:09:06]} 39. Kh3 {[%clk 0:01:26]} Ba8
{[%clk 1:06:58]} 40. Qd3 {[%clk 0:00:45]} Qg2+ {[%clk 1:06:54]} 41. Kg4
{[%clk 0:01:09]} Bf3+ {[%clk 1:07:15]} 0-1

[Event "ChampionshipRT"]
[Site "?"]
[Date "2015.10.10"]
[Round "9.8"]
[White "Nizamov, Bulat"]
[Black "Ospennikov, Dmitry V"]
[Result "1-0"]
[LiveChessVersion "1.4.6"]
[BlackElo "2296"]
[WhiteElo "2091"]

1. d4 {[%clk 1:30:58]} Nf6 {[%clk 1:30:55]} 2. c4 {[%clk 1:31:23]} c5
{[%clk 1:30:48]} 3. d5 {[%clk 1:31:44]} b5 {[%clk 1:31:15]} 4. cxb5
{[%clk 1:32:09]} a6 {[%clk 1:31:41]} 5. bxa6 {[%clk 1:32:34]} d6 {[%clk 1:32:04]}
6. Nc3 {[%clk 1:32:43]} g6 {[%clk 1:32:28]} 7. Nf3 {[%clk 1:33:06]} Bg7
{[%clk 1:32:48]} 8. e4 {[%clk 1:32:04]} Qa5 {[%clk 1:33:00]} 9. Bd2
{[%clk 1:31:48]} Bxa6 {[%clk 1:33:25]} 10. Bxa6 {[%clk 1:32:12]} Qxa6
{[%clk 1:33:46]} 11. Qe2 {[%clk 1:32:36]} Nbd7 {[%clk 1:33:47]} 12. a4
{[%clk 1:19:40]} Qxe2+ {[%clk 1:31:56]} 13. Kxe2 {[%clk 1:19:12]} O-O
{[%clk 1:32:15]} 14. Kd3 {[%clk 1:10:12]} Rfb8 {[%clk 1:29:28]} 15. Kc2
{[%clk 1:09:38]} c4 {[%clk 1:18:48]} 16. Be3 {[%clk 0:56:23]} Ng4
{[%clk 1:17:25]} 17. Bd4 {[%clk 0:50:15]} Bxd4 {[%clk 1:14:32]} 18. Nxd4
{[%clk 0:50:43]} Nxf2 {[%clk 1:14:53]} 19. Rhb1 {[%clk 0:43:12]} Nc5
{[%clk 1:12:21]} 20. Nc6 {[%clk 0:43:23]} Rb7 {[%clk 1:12:12]} 21. a5
{[%clk 0:42:07]} Ng4 {[%clk 1:03:36]} 22. Na4 {[%clk 0:34:53]} Nb3
{[%clk 0:59:44]} 23. Nb6 {[%clk 0:31:50]} Ne3+ {[%clk 0:52:41]} 24. Kc3
{[%clk 0:31:22]} Ra6 {[%clk 0:52:51]} 25. Ra3 {[%clk 0:21:04]} f5
{[%clk 0:44:05]} 26. Nxc4 {[%clk 0:11:50]} Nxc4 {[%clk 0:40:25]} 27. Rxb3
{[%clk 0:12:16]} Rxb3+ {[%clk 0:38:38]} 28. Kxc4 {[%clk 0:11:07]} Rb7
{[%clk 0:38:57]} 29. b4 {[%clk 0:10:47]} e5 {[%clk 0:38:36]} 30. b5
{[%clk 0:10:03]} Ra8 {[%clk 0:38:58]} 31. b6 {[%clk 0:09:47]} fxe4
{[%clk 0:29:28]} 32. Kb5 {[%clk 0:10:04]} Rf7 {[%clk 0:29:42]} 33. a6
{[%clk 0:10:10]} 1-0

[Event "ChampionshipRT"]
[Site "?"]
[Date "2015.10.10"]
[Round "9.9"]
[White "Markelova, Lubov"]
[Black "Gibadullina, Rajana"]
[Result "1-0"]
[LiveChessVersion "1.4.6"]
[BlackElo "1504"]
[WhiteElo "2090"]

1. Nf3 {[%clk 1:21:45]} Nf6 {[%clk 1:30:49]} 2. c4 {[%clk 1:22:10]} c5
{[%clk 1:30:45]} 3. Nc3 {[%clk 1:18:22]} d5 {[%clk 1:28:58]} 4. cxd5
{[%clk 1:14:30]} Nxd5 {[%clk 1:29:12]} 5. d4 {[%clk 1:14:54]} Qa5
{[%clk 1:20:39]} 6. Bd2 {[%clk 1:06:56]} cxd4 {[%clk 1:19:53]} 7. Nxd4
{[%clk 1:05:13]} e5 {[%clk 1:14:39]} 8. e4 {[%clk 0:52:37]} Nxc3 {[%clk 1:05:05]}
9. Bxc3 {[%clk 0:53:03]} Bb4 {[%clk 1:05:03]} 10. Nb5 {[%clk 0:52:29]} O-O
{[%clk 1:04:22]} 11. Qd2 {[%clk 0:44:17]} Nc6 {[%clk 0:58:21]} 12. a3
{[%clk 0:41:18]} Bxc3 {[%clk 0:58:10]} 13. Qxc3 {[%clk 0:41:41]} Be6
{[%clk 0:46:09]} 14. Be2 {[%clk 0:25:11]} Qxc3+ {[%clk 0:40:14]} 15. bxc3
{[%clk 0:22:08]} Rac8 {[%clk 0:39:45]} 16. Nd6 {[%clk 0:21:34]} Rc7
{[%clk 0:39:42]} 17. O-O {[%clk 0:17:02]} Rd8 {[%clk 0:35:23]} 18. Nb5
{[%clk 0:09:18]} Rcd7 {[%clk 0:34:43]} 19. a4 {[%clk 0:09:13]} a6
{[%clk 0:34:06]} 20. Na3 {[%clk 0:09:38]} Rd2 {[%clk 0:33:47]} 21. Bc4
{[%clk 0:08:12]} Bxc4 {[%clk 0:29:31]} 22. Nxc4 {[%clk 0:08:39]} R2d3
{[%clk 0:28:30]} 23. Rfc1 {[%clk 0:08:07]} b5 {[%clk 0:27:28]} 24. axb5
{[%clk 0:08:33]} axb5 {[%clk 0:27:54]} 25. Ne3 {[%clk 0:08:42]} b4
{[%clk 0:25:21]} 26. Ra6 {[%clk 0:08:00]} Nb8 {[%clk 0:23:27]} 27. Rb6
{[%clk 0:06:00]} Rxc3 {[%clk 0:21:17]} 28. Rb1 {[%clk 0:06:14]} Nc6
{[%clk 0:15:43]} 29. Nd5 {[%clk 0:06:21]} Nd4 {[%clk 0:11:59]} 30. Nxc3
{[%clk 0:06:28]} bxc3 {[%clk 0:12:25]} 31. Rb8 {[%clk 0:06:44]} Rf8
{[%clk 0:12:16]} 32. Rxf8+ {[%clk 0:04:44]} Kxf8 {[%clk 0:12:42]} 33. Rb8+
{[%clk 0:04:40]} Ke7 {[%clk 0:13:05]} 34. Rc8 {[%clk 0:05:02]} c2
{[%clk 0:13:16]} 35. Kf1 {[%clk 0:05:26]} Kd7 {[%clk 0:13:10]} 36. Rc4
{[%clk 0:03:52]} Ke6 {[%clk 0:12:58]} 37. Ke1 {[%clk 0:03:48]} Kd6
{[%clk 0:11:55]} 38. Kd2 {[%clk 0:04:00]} Kd7 {[%clk 0:11:50]} 39. h4
{[%clk 0:03:35]} h5 {[%clk 0:10:54]} 40. Rxd4+ {[%clk 0:01:57]} exd4
{[%clk 0:11:18]} 41. Kxc2 {[%clk 0:02:21]} Kd6 {[%clk 0:04:52]} 42. Kd3
{[%clk 0:02:47]} Kc5 {[%clk 0:02:50]} 43. f3 {[%clk 0:03:12]} f6 {[%clk 0:02:24]}
44. g4 {[%clk 0:02:49]} g6 {[%clk 0:01:22]} 45. gxh5 {[%clk 0:03:13]} gxh5
{[%clk 0:01:42]} 46. f4 {[%clk 0:03:35]} f5 {[%clk 0:01:33]} 47. exf5
{[%clk 0:03:44]} Kd5 {[%clk 0:01:55]} 48. f6 {[%clk 0:04:00]} Ke6
{[%clk 0:02:20]} 49. Kxd4 {[%clk 0:04:21]} Kxf6 {[%clk 0:02:43]} 50. Ke4
{[%clk 0:04:46]} Ke6 {[%clk 0:03:05]} 51. f5+ {[%clk 0:05:10]} Ke7
{[%clk 0:01:11]} 52. Ke5 {[%clk 0:05:05]} Kf7 {[%clk 0:01:25]} 53. f6
{[%clk 0:05:12]} Ke8 {[%clk 0:01:21]} 54. Ke6 {[%clk 0:05:03]} Kf8
{[%clk 0:01:30]} 55. f7 {[%clk 0:05:16]} Kg7 {[%clk 0:01:50]} 56. Ke7
{[%clk 0:05:38]} Kg6 {[%clk 0:01:32]} 57. f8=Q {[%clk 0:05:57]} Kh7
{[%clk 0:01:57]} 58. Qf5+ {[%clk 0:06:07]} Kg7 {[%clk 0:01:57]} 59. Qg5+
{[%clk 0:06:32]} Kh7 {[%clk 0:02:15]} 60. Kf7 {[%clk 0:06:57]} Kh8
{[%clk 0:02:40]} 61. Qg7# {[%clk 0:07:23]} 1-0

[Event "ChampionshipRT"]
[Site "?"]
[Date "2015.10.10"]
[Round "9.10"]
[White "Belova, Olga"]
[Black "Kuznetsova, Darya"]
[Result "1-0"]
[LiveChessVersion "1.4.6"]
[BlackElo "1936"]
[WhiteElo "2049"]

1. d4 {[%clk 1:30:57]} e6 {[%clk 1:30:53]} 2. Nf3 {[%clk 1:31:22]} c5
{[%clk 1:30:58]} 3. e4 {[%clk 1:31:45]} cxd4 {[%clk 1:29:49]} 4. Nxd4
{[%clk 1:32:08]} a6 {[%clk 1:28:54]} 5. Bd3 {[%clk 1:32:31]} Nc6 {[%clk 1:28:59]}
6. Nxc6 {[%clk 1:32:56]} bxc6 {[%clk 1:28:06]} 7. Nc3 {[%clk 1:32:32]} d5
{[%clk 1:27:53]} 8. O-O {[%clk 1:32:56]} Nf6 {[%clk 1:17:38]} 9. Re1
{[%clk 1:33:13]} d4 {[%clk 1:14:33]} 10. Ne2 {[%clk 1:30:45]} c5 {[%clk 1:10:25]}
11. c3 {[%clk 1:29:42]} e5 {[%clk 0:59:12]} 12. cxd4 {[%clk 1:26:56]} cxd4
{[%clk 0:55:33]} 13. f4 {[%clk 1:26:22]} Bd6 {[%clk 0:52:57]} 14. fxe5
{[%clk 1:22:44]} Bxe5 {[%clk 0:53:16]} 15. Bf4 {[%clk 1:19:21]} Ng4
{[%clk 0:49:18]} 16. Bxe5 {[%clk 1:15:59]} Nxe5 {[%clk 0:49:18]} 17. Qa4+
{[%clk 1:16:17]} Qd7 {[%clk 0:42:36]} 18. Qxd7+ {[%clk 1:10:15]} Bxd7
{[%clk 0:42:58]} 19. Rad1 {[%clk 1:10:42]} Bg4 {[%clk 0:37:14]} 20. Bc2
{[%clk 1:07:36]} d3 {[%clk 0:26:29]} 21. Bxd3 {[%clk 1:07:28]} Ke7
{[%clk 0:26:23]} 22. Kf2 {[%clk 0:50:33]} Rhd8 {[%clk 0:23:02]} 23. Ke3
{[%clk 0:46:41]} Be6 {[%clk 0:18:42]} 24. h3 {[%clk 0:32:15]} Bxa2
{[%clk 0:16:57]} 25. Nd4 {[%clk 0:31:52]} Be6 {[%clk 0:15:46]} 26. Be2
{[%clk 0:31:24]} f6 {[%clk 0:11:43]} 27. Nxe6 {[%clk 0:27:28]} Kxe6
{[%clk 0:12:10]} 28. Rxd8 {[%clk 0:27:31]} Rxd8 {[%clk 0:12:35]} 29. Ra1
{[%clk 0:27:11]} Rb8 {[%clk 0:10:52]} 30. Rxa6+ {[%clk 0:27:09]} Ke7
{[%clk 0:09:53]} 31. Ra7+ {[%clk 0:26:55]} Kf8 {[%clk 0:10:05]} 32. Ra2
{[%clk 0:26:50]} Rb3+ {[%clk 0:09:55]} 33. Kd4 {[%clk 0:26:01]} Nc6+
{[%clk 0:09:06]} 34. Kc5 {[%clk 0:21:50]} Ne5 {[%clk 0:08:55]} 35. Kd5
{[%clk 0:18:04]} Rb4 {[%clk 0:06:34]} 36. g4 {[%clk 0:14:42]} Rb3
{[%clk 0:05:11]} 37. g5 {[%clk 0:14:15]} Ng6 {[%clk 0:04:16]} 38. Bc4
{[%clk 0:11:09]} Nf4+ {[%clk 0:04:39]} 39. Kd6 {[%clk 0:10:37]} Rb8
{[%clk 0:04:17]} 40. Ra7 {[%clk 0:05:58]} Rd8+ {[%clk 0:02:48]} 41. Kc5
{[%clk 0:06:11]} Nxh3 {[%clk 0:02:12]} 42. gxf6 {[%clk 0:05:40]} Rc8+
{[%clk 0:01:56]} 43. Kd4 {[%clk 0:05:32]} Rd8+ {[%clk 0:02:17]} 44. Ke5
{[%clk 0:04:45]} gxf6+ {[%clk 0:00:55]} 45. Kxf6 {[%clk 0:05:04]} 1-0